Dépenses d'éducation, de santé et réduction de la pauvreté en Afrique de l'Est Madagascar et Tanzanie

Na minha lista:
Detalhes bibliográficos
Outros Autores: Morrisson, Christian
Formato: Livro
Idioma:francês
Publicado em: Paris OECD 2002
Colecção:Développement
Assuntos:
Tags: Adicionar Tag
Sem tags, seja o primeiro a adicionar uma tag!

MARC

LEADER 00000nam a2200000 4500
001 c141857
005 20221124094425.6
020 |a 92-64-29898-3 
041 0 |a fre 
044 |a FR 
245 1 0 |a Dépenses d'éducation, de santé et réduction de la pauvreté en Afrique de l'Est  |b Madagascar et Tanzanie  |c Sous la direction de Christian Morrisson 
264 1 |a Paris  |b OECD  |c 2002 
300 |a 203 s. 
490 1 |a Développement 
830 0 |a Développement 
610 2 0 |a vzdelanie 
610 2 0 |a zdravie 
610 2 0 |a chudoba 
610 2 0 |a výdavky 
610 2 0 |a populácia 
610 2 0 |a ukazovatele 
610 2 0 |a história 
610 2 0 |a vývoj hospodársky 
610 2 0 |a potreby sociálne 
610 2 0 |a situácia hospodárska 
610 2 0 |a situácia sociálna 
610 2 0 |a Afrika 
610 2 0 |a Madagaskar 
610 2 0 |a Tanzánia 
610 2 0 |a svet 
610 2 0 |a OECD 
700 1 |a Morrisson, Christian